[Event "Tourn. n10079"]
[Site "www.echecsemail.com"]
[Date "2019.10.02"]
[Round "1"]
[White "Numanoid"]
[Black "Jose"]
[WhiteElo "2730"]
[BlackElo "2820"]
[Result "1/2-1/2"]
[Round "1"]
1.d4 Ng8f6
2.Bc1g5 Nf6e4
3.Bg5f4 c5
4.f3 Qd8a5
5.c3 Ne4f6
6.d5 Qa5b6
7.Bf4c1 e6
8.e4 exd5
9.exd5 Bf8d6
10.Nb1a3 O-O
11.Bf1d3 Rf8e8
12.Ng1e2 Bd6f8
13.Na3c4 Qb6d8
14.Nc4e3 d6
15.O-O Nb8d7
16.Ne2g3 Nd7e5
17.Bd3c2 b5
18.a4 b4
19.c4 h5
20.h3 h4
21.Ng3h1 g6
22.f4 Ne5d7
23.Nh1f2 Bf8g7
24.f5 Nd7e5
25.Ne3g4 Nf6xg4
26.Nf2xg4 Ne5xg4
27.hxg4 g5
28.f6 Bg7xf6
29.Qd1f3 Bf6d4
30.Kh1 Re8f8
31.Qf3e4 f5
32.gxf5 Qd8f6
33.Qe4g4 Qf6g7
34.Ra1b1 Bd4f6
35.Rf1e1 Ra8b8
36.b3 Rb8b7
37.Bc2d3 a5
38.Bd3c2 Bf6e5
39.Bc2d3 Rb7f7
40.Re1f1 Be5f6
41.Rf1e1 Rf7c7
42.Bd3c2 Bf6e5
43.Re1f1 Rc7f7
44.Qg4xg5 Qg7xg5
45.Bc1xg5 Bc8xf5
46.Rf1xf5 Rf7xf5
47.Bc2xf5 Rf8xf5
48.Bg5d8 Be5g3
49.Bd8xa5 Rf5f2
50.Ba5d8 Rf2a2
51.Kg1 Kh7
52.Bd8f6 Ra2a3
53.Bf6a1 Kg6
54.Ba1h8 Kf5
55.Bh8b2 Ra3a2
56.Bb2g7 Ke4
57.Rb1a1 Bg3f2
58.Kh2 Ra2a3
59.Ra1b1 Bf2d4
60.Bg7f8 Bd4e5
61.Kh3 Kd3
62.Rb1f1 Ra3xb3
63.Rf1f3 Kxc4
64.Rf3xb3 Kxb3
65.a5 c4
66.a6 c3
{ draw }
1/2-1/2

[Event "Tourn. n10224"]
[Site "www.echecsemail.com"]
[Date "2019.10.02"]
[Round "1"]
[White "Luban"]
[Black "Goofy"]
[WhiteElo "2130"]
[BlackElo "2300"]
[Result "1/2-1/2"]
[Round "1"]
1.d4 d6
2.c4 Ng8f6
3.Nb1c3 g6
4.Ng1f3 Bf8g7
5.e3 O-O
6.h3 Nb8d7
7.Bf1d3 e5
8.O-O Qd8e7
9.Qd1c2 Rf8e8
10.dxe5 Nd7xe5
11.Nf3xe5 Qe7xe5
12.b3 Nf6e4
13.Bd3xe4 Qe5xc3
14.Ra1b1 Qc3e5
15.Be4d3 b6
16.Bc1b2 Qe5g5
17.Kh2 Bc8b7
18.g3 Qg5e7
19.Bb2xg7 Kxg7
20.Rb1e1 Ra8d8
{ draw }
1/2-1/2

[Event "Tourn. n10154"]
[Site "www.echecsemail.com"]
[Date "2019.10.02"]
[Round "1"]
[White "Tartan"]
[Black "Jazzy"]
[WhiteElo "2440"]
[BlackElo "2370"]
[Result "1-0"]
[Round "1"]
1.d4 Ng8f6
2.c4 g6
3.Nb1c3 d6
4.e4 Bf8g7
5.Ng1f3 O-O
6.Bf1e2 e5
7.Bc1e3 Nb8c6
8.d5 Nc6e7
9.Nf3d2 Nf6d7
10.b4 a5
11.bxa5 f5
12.f3 Ra8xa5
13.Nd2b3 Ra5a3
14.Qd1c1 Ra3a8
15.c5 dxc5
16.Nb3xc5 Nd7xc5
17.Be3xc5 b6
18.Bc5f2 fxe4
19.fxe4 c6
20.dxc6 Rf8xf2
21.Kxf2 Ne7xc6
22.Be2c4 Kh8
23.Bc4d5 Bg7f8
24.Bd5xc6 Qd8f6
25.Kg3 Qf6xc6
26.Rh1f1 Bc8e6
27.Rf1f3 Bf8e7
28.Qc1d2 Ra8d8
29.Rf3d3 Rd8xd3
30.Qd2xd3 Be6c4
31.Qd3f3 Kg7
32.h3 b5
33.Kh2 Be7c5
34.Ra1c1 Bc5d4
35.Nc3d5 Qc6d6
36.g3 Bd4b2
37.Rc1c2 Bb2d4
38.a4 Bc4xd5
39.exd5 bxa4
40.Rc2c6 Qd6f8
41.Kg2 Qf8xf3
42.Kxf3 a3
43.Rc6a6 Bd4b2
44.h4 Kf7
45.g4 Ke7
46.Ke4 h6
47.h5 gxh5
48.gxh5 Kf7
49.Kd3 Ke7
50.Kc2 Bb2d4
51.Kb3 Bd4e3
52.Ra6e6 Kd7
53.Kxa3 Be3f4
54.Kb4 Kd8
55.Kc5 { resign }
1-0

[Event "1/128 Finale"]
[Site "www.chess-mail.com"]
[Date "2019.10.02"]
[Round "1"]
[White "Picifarkinca"]
[Black "Mapudungo"]
[WhiteElo "1510"]
[BlackElo "1499"]
[Result "0-1"]
[Round "1"]
1.b3 c5
2.Bc1b2 d5
3.g3 Nb8c6
4.Bf1g2 e6
5.e4 Bf8d6
6.exd5 exd5
7.Bg2xd5 Nc6e5
8.Qd1e2 Ng8e7
9.Bd5g2 Ne5c6
10.d3 Nc6d4
11.Bb2xd4 cxd4
12.a3 O-O
13.Ng1f3 Bc8g4
14.Qe2e4 Bg4f5
15.Qe4xd4 Ne7c6
16.Qd4a4 Rf8e8
17.Kf1 Qd8f6
18.Ra1a2 Nc6e5
19.Nb1d2 Ne5xf3
20.Nd2xf3 Bf5h3
21.Qa4d4 Qf6xf3
{ resign }
0-1

[Event "1/128 Finale"]
[Site "www.chess-mail.com"]
[Date "2019.10.02"]
[Round "1"]
[White "Ff333"]
[Black "Fereike"]
[WhiteElo "2050"]
[BlackElo "1540"]
[Result "1-0"]
[Round "1"]
1.e4 e6
2.d4 d5
3.e5 c5
4.c3 Nb8c6
5.Ng1f3 Qd8b6
6.b3 cxd4
7.Nf3xd4 Nc6xe5
8.Bc1e3 a6
9.Bf1e2 Ng8f6
10.h3 Qb6c7
11.Be3f4 Ne5d3
12.Qd1xd3 Bf8d6
13.Bf4xd6 Qc7xd6
14.O-O { resign }
1-0

[Event "1/128 Finale"]
[Site "www.chess-mail.com"]
[Date "2019.10.02"]
[Round "1"]
[White "Picifarkinca"]
[Black "Said13"]
[WhiteElo "1570"]
[BlackElo "1809"]
[Result "0-1"]
[Round "1"]
1.d4 Ng8f6
2.Ng1f3 g6
3.g3 Bf8g7
4.Bf1g2 d5
5.O-O O-O
6.c3 b6
7.Nb1d2 Bc8b7
8.Qd1c2 Nb8d7
9.b4 c5
10.bxc5 bxc5
11.Ra1b1 Qd8c7
12.Nd2b3 cxd4
13.Nb3xd4 a6
14.Qc2b3 Ra8b8
15.Bc1f4 e5
{ resign }
0-1

[Event "Tourn. n10148"]
[Site "www.echecsemail.com"]
[Date "2019.10.03"]
[Round "1"]
[White "Bira47"]
[Black "Jerome"]
[WhiteElo "2010"]
[BlackElo "2199"]
[Result "0-1"]
[Round "1"]
1.b3 f5
2.Bc1b2 Ng8f6
3.Ng1f3 e6
4.a3 a5
5.e3 Bf8e7
6.Nf3e5 d6
7.Ne5f3 e5
8.Bf1e2 O-O
9.O-O Nb8c6
10.Nb1c3 Kh8
11.d4 e4
12.Nf3g5 h6
13.Ng5h3 g5
14.f3 exf3
15.gxf3 f4
16.e4 Bc8xh3
17.Rf1f2 Rf8g8
18.Be2c4 Qd8d7
19.Bc4xg8 Ra8xg8
20.Nc3d5 g4
21.Nd5xf4 gxf3
22.Kh1 Nf6xe4
23.Nf4xh3 Qd7xh3
24.Qd1xf3 Ne4xf2
25.Qf3xf2 d5
26.Ra1g1 Rg8xg1
27.Qf2xg1 Qh3f3
28.Qg1g2 Qf3d1
29.Qg2g1 Qd1xc2
30.Qg1c1 Qc2xc1
31.Bb2xc1 Kg7
32.Bc1e3 Be7f6
33.Kg2 Bf6xd4
34.Be3f4 Bd4e5
35.Bf4c1 Kg6
36.Kh3 h5
37.Kh4 Be5xh2
38.Bc1e3 d4
39.Be3d2 b6
40.Kh3 Bh2d6
41.a4 d3
42.Bd2e3 Kf5
43.Kh4 Bd6f4
44.Be3xf4 Kxf4
45.Kxh5 d2
 { time }
0-1

[Event "Tourn. n10205"]
[Site "www.echecsemail.com"]
[Date "2019.10.03"]
[Round "1"]
[White "Virgil08bv"]
[Black "Tonino1"]
[WhiteElo "2680"]
[BlackElo "2180"]
[Result "1-0"]
[Round "1"]
1.e4 d6
2.d4 Ng8f6
3.Nb1c3 c6
4.f4 Qd8a5
5.Bf1d3 d5
6.e5 Nf6e4
7.Bd3xe4 dxe4
8.Ng1e2 e6
9.O-O Bf8e7
10.Nc3xe4 O-O
11.Ne2g3 Nb8d7
12.f5  { time }
1-0

[Event "Tourn. n10224"]
[Site "www.echecsemail.com"]
[Date "2019.10.03"]
[Round "1"]
[White "Fantomas"]
[Black "Apdash"]
[WhiteElo "2100"]
[BlackElo "2230"]
[Result "1-0"]
[Round "1"]
1.e4 c5
2.Ng1f3 d6
3.d4 cxd4
4.Nf3xd4 Ng8f6
5.Nb1c3 a6
6.Bf1c4 e6
7.O-O b5
8.Bc4d3 Bc8b7
9.Rf1e1 b4
10.Nc3a4 Bf8e7
11.b3 O-O
12.Qd1d2 d5
13.e5 Nf6e4
14.Qd2e3 Nb8d7
15.Nd4f3 Qd8c7
16.Bc1b2 Nd7c5
17.Na4xc5 Be7xc5
18.Bb2d4 Bc5xd4
19.Qe3xd4 a5
20.h3 f6
21.Re1e2 fxe5
22.Qd4xe5 Qc7xe5
23.Nf3xe5 Ne4c3
24.Re2d2 Bb7a6
25.f3 Ba6xd3
26.Ne5xd3 Ra8e8
27.f4 Rf8f6
28.a3 Re8b8
29.a4 d4
30.Ra1e1 Rb8c8
31.Re1e5 Nc3d5
32.g3 Kf7
33.Kf2 Ke7
34.Kf3 Kd6
35.Ke4 Nd5e3
36.Nd3e1 Ne3f5
37.g4 Nf5g3
38.Kf3 Rc8c3
39.Rd2d3 Rc3xd3
40.Ne1xd3 Ng3f1
41.Re5xa5 Nf1e3
42.Nd3xb4 g6
43.g5 Rf6f5
44.Ra5xf5 gxf5
45.c3 Kc5
46.Nb4d3 Kd5
47.a5 Ne3c2
48.c4 Kc6
49.b4 Nc2a3
50.Nd3e5 Kb7
51.Ke2 Na3c2
52.b5 Nc2b4
53.h4 { resign }
1-0

[Event "Match"]
[Site "www.echecsemail.com"]
[Date "2019.10.03"]
[Round "1"]
[White "Tbsundar"]
[Black "Apdash"]
[WhiteElo "2180"]
[BlackElo "2180"]
[Result "1/2-1/2"]
[Round "1"]
1.d4 d5
2.c4 c6
3.e3 Ng8f6
4.Ng1f3 Bc8g4
5.Nb1d2 e6
6.Qd1b3 Qd8c7
7.Nf3e5 Bf8d6
8.f4 O-O
9.h3 Bg4f5
10.g4 Bf5e4
11.Rh1g1 dxc4
12.Qb3xc4 b5
13.Qc4c3 a6
14.b4 Be4d5
15.Bf1d3 a5
16.a3 axb4
17.axb4 Bd6xb4
18.Qc3b2 Ra8xa1
19.Qb2xa1 Nf6e4
20.Bd3xe4 Bd5xe4
21.Ke2 Bb4xd2
22.Bc1xd2 f6
23.Ne5d3 Be4xd3
24.Kxd3 c5
25.Rg1c1 c4
26.Ke2 Qc7b7
27.Kf2 Rf8d8
28.Qa1b2 Qb7d7
29.Bd2a5 Rd8e8
30.Rc1b1 e5
31.dxe5 fxe5
32.Qb2xb5 Nb8c6
33.Qb5xc4 Kh8
34.Ba5c3 exf4
35.exf4 Qd7a7
36.Kf1 Qa7d7
37.Rb1b6 Qd7d1
38.Kf2 Qd1c2
39.Kf1 Qc2d1
40.Kf2 Qd1c2
41.Kf1 Qc2d1
{ draw }
1/2-1/2

[Event "Tourn. n10216"]
[Site "www.echecsemail.com"]
[Date "2019.10.03"]
[Round "1"]
[White "Argento"]
[Black "Francesco"]
[WhiteElo "2260"]
[BlackElo "2090"]
[Result "1/2-1/2"]
[Round "1"]
1.e4 c6
2.d4 d5
3.Nb1c3 dxe4
4.Nc3xe4 Bc8f5
5.Ne4g3 Bf5g6
6.h4 h6
7.Ng1f3 Ng8f6
8.Nf3e5 Bg6h7
9.Bf1d3 Nb8d7
10.Bd3xh7 { draw }
1/2-1/2

[Event "1/16 Finale"]
[Site "www.chess-mail.com"]
[Date "2019.10.03"]
[Round "1"]
[White "Jose"]
[Black "Szustan"]
[WhiteElo "2810"]
[BlackElo "2650"]
[Result "1-0"]
[Round "1"]
1.Ng1f3 Ng8f6
2.c4 d5
3.cxd5 Nf6xd5
4.e4 Nd5f6
5.Nb1c3 e6
6.d4 Bf8e7
7.Bf1d3 c5
8.d5 exd5
9.e5 Nf6d7
10.Nc3xd5 Nd7b6
11.Nd5xe7 Qd8xe7
12.Bc1g5 Qe7c7
13.O-O Bc8e6
14.Bg5e3 Nb8d7
15.Ra1c1 O-O-O
16.Be3g5 Nd7xe5
17.Nf3xe5 Qc7xe5
18.Bg5xd8 Rh8xd8
19.Qd1e2 Qe5xe2
20.Bd3xe2 c4
21.f4 Rd8d2
22.Rf1f2 Kd8
23.Rc1d1 Rd2xd1
24.Be2xd1 g6
25.g4 Kc7
26.f5 gxf5
27.gxf5 Be6d5
28.a4 Bd5c6
29.Rf2f4 Kd6
30.a5 Nb6d5
31.Rf4h4 Nd5f6
32.Rh4xc4 b6
33.axb6 axb6
34.Kf2 Bc6d7
35.Bd1c2 b5
36.Rc4c3 Ke5
37.Rc3c7 Kf4
38.b4 { resign }
1-0

[Event "Match"]
[Site "www.echecsemail.com"]
[Date "2019.10.04"]
[Round "1"]
[White "Dvdheever"]
[Black "Logout"]
[WhiteElo "1299"]
[BlackElo "2070"]
[Result "0-1"]
[Round "1"]
1.e4 c5
2.Ng1f3 e6
3.Nb1c3 Nb8c6
4.g3 Ng8f6
5.Bf1g2 Bf8e7
6.O-O O-O
7.e5 Nf6e8
8.d3 a6
9.Bc1e3 b5
10.a4 b4
11.Nc3e4 Qd8b6
12.Qd1b1 a5
13.d4 cxd4
14.Qb1e1 dxe3
15.fxe3 Bc8a6
16.Rf1f2 Be7c5
17.Ra1d1 Ra8d8
18.Rd1d3 Ba6xd3
19.cxd3 Bc5xe3
20.Nf3g5 Nc6xe5
21.Kh1 Ne5xd3
22.Qe1e2 Nd3xf2
23.Kg1 Nf2xe4
24.Kh1 Ne4xg5
25.h4 Rd8c8
26.hxg5 Rc8c1
27.Kh2 Be3xg5
28.Qe2e5 f6
29.Qe5e4 Qb6g1
30.Kh3 Qg1f2
31.Qe4b7 Rc1g1
32.Qb7xd7 Qf2xg2
33.Kg4 Qg2xg3
34.Kh5 Qg3h3

0-1

[Event "Match"]
[Site "www.echecsemail.com"]
[Date "2019.10.04"]
[Round "1"]
[White "Picifarkinca"]
[Black "Joseph1983"]
[WhiteElo "1580"]
[BlackElo "2300"]
[Result "1/2-1/2"]
[Round "1"]
1.b3 e5
2.c4 Ng8f6
3.Bc1b2 Nb8c6
4.Nb1c3 d5
5.cxd5 Nf6xd5
6.g3 Bc8e6
7.Bf1g2 Qd8d7
8.d3 Bf8c5
9.Ng1f3 f6
10.O-O O-O-O
11.a3 Nc6d4
12.Nc3xd5 Be6xd5
13.Nf3xd4 Bd5xg2
14.Kxg2 Bc5xd4
15.Bb2xd4 Qd7xd4
16.Qd1c2 Rd8d6
17.Qc2c4 Qd4xc4
{ draw }
1/2-1/2

[Event "Match"]
[Site "www.echecsemail.com"]
[Date "2019.10.04"]
[Round "1"]
[White "Add"]
[Black "Apdash"]
[WhiteElo "2090"]
[BlackElo "2180"]
[Result "1-0"]
[Round "1"]
1.e4 c5
2.Ng1f3 d6
3.d4 cxd4
4.Nf3xd4 Nb8c6
5.Nd4xc6 bxc6
6.Nb1c3 Ng8f6
7.e5 Nf6g4
8.exd6 Qd8xd6
9.Qd1xd6 exd6
10.Bf1e2 Ng4e5
11.f4 Ne5g6
12.Be2f3 d5
13.O-O Bc8f5
14.Rf1e1 Bf8e7
15.Bf3d1 O-O
16.Bc1e3 Be7f6
17.Be3c5 Bf6xc3
18.bxc3 Rf8b8
19.g3 Rb8b2
20.Re1e2 a5
21.a4 Ng6f8
22.Bc5a3 Rb2b7
23.Re2e5 Bf5e4
24.Re5e7 Rb7xe7
25.Ba3xe7 Nf8e6
26.Ra1b1 f5
27.Kf2 Kf7
28.Rb1b7 Ke8
29.Be7d6 Ne6d8
30.Rb7e7 Kf8
31.Re7a7 { resign }
1-0

[Event "Tourn. n10210"]
[Site "www.echecsemail.com"]
[Date "2019.10.04"]
[Round "1"]
[White "Claudia"]
[Black "Luban"]
[WhiteElo "2170"]
[BlackElo "2130"]
[Result "0-1"]
[Round "1"]
1.d4 d5
2.c4 dxc4
3.Ng1f3 e6
4.e3 Ng8f6
5.Bf1xc4 a6
6.O-O Bf8e7
7.Bc4d3 O-O
8.Nb1c3 b5
9.a4 b4
10.Nc3e4 Bc8b7
11.Qd1c2 Nb8d7
12.Nf3e5 Nd7xe5
13.dxe5 { time. }
0-1

[Event "Match"]
[Site "www.echecsemail.com"]
[Date "2019.10.04"]
[Round "1"]
[White "Micheles"]
[Black "Roko123"]
[WhiteElo "2600"]
[BlackElo "1499"]
[Result "1-0"]
[Round "1"]
1.d4 Ng8f6
2.Ng1f3 g6
3.Bc1g5 Nf6e4
4.Bg5h4 Bf8g7
5.Nb1d2 Ne4xd2
6.Qd1xd2 d6
7.e3  { time }
1-0

[Event "Tourn. n10216"]
[Site "www.echecsemail.com"]
[Date "2019.10.04"]
[Round "1"]
[White "Apdash"]
[Black "Argento"]
[WhiteElo "2200"]
[BlackElo "2260"]
[Result "1/2-1/2"]
[Round "1"]
1.e4 e5
2.Ng1f3 Nb8c6
3.Bf1c4 Bf8c5
4.O-O Ng8f6
5.Qd1e2 d6
6.c3 O-O
7.b4 Bc5b6
8.a4 a5
9.b5 Nc6e7
10.d4 exd4
11.cxd4 Nf6xe4
12.Qe2xe4 d5
13.Bc4xd5 Ne7xd5
14.Bc1a3 Rf8e8
15.Qe4d3 Nd5f4
16.Qd3d2 Nf4e2
17.Kh1 Bc8g4
18.Qd2d3 Bg4xf3
{ draw }
1/2-1/2

[Event "Match"]
[Site "www.echecsemail.com"]
[Date "2019.10.04"]
[Round "1"]
[White "Bjonil60"]
[Black "Apdash"]
[WhiteElo "1480"]
[BlackElo "2180"]
[Result "0-1"]
[Round "1"]
1.Nb1c3 e5
2.e4 Ng8f6
3.Qd1e2 Nb8c6
4.Ng1f3 Bf8b4
5.a3 Bb4a5
6.b4 Ba5b6
7.h3 O-O
8.Bc1b2 d6
9.b5 Nc6d4
10.Nf3xd4 exd4
11.Nc3a2 Nf6xe4
12.d3 Bb6a5
13.Na2b4 Ba5xb4
 { time }
0-1

[Event "Match"]
[Site "www.echecsemail.com"]
[Date "2019.10.04"]
[Round "1"]
[White "Chessdna"]
[Black "Sonny1000"]
[WhiteElo "1640"]
[BlackElo "1500"]
[Result "1-0"]
[Round "1"]
1.e4 e5
2.Ng1f3 f6
3.d4 Nb8c6
4.dxe5 fxe5
5.Bf1b5 Nc6b4
6.Nf3xe5 a6
7.Bb5a4 Qd8e7
8.Bc1f4 c6
9.Nb1c3 Ng8f6
10.O-O d6
11.Ne5c4 d5
12.Nc4d6 Kd8
13.Rf1e1 Bc8g4
14.Qd1d4 c5
15.Qd4xc5 a5
16.Qc5b6 Qe7c7
17.Nd6f7 { resign }
1-0

[Event "Tourn. n10214"]
[Site "www.echecsemail.com"]
[Date "2019.10.04"]
[Round "1"]
[White "Galiany17"]
[Black "Rons"]
[WhiteElo "2490"]
[BlackElo "2620"]
[Result "0-1"]
[Round "1"]
1.e4 c5
2.Ng1f3 d6
3.d4 cxd4
4.Nf3xd4 Ng8f6
5.Nb1c3 a6
6.Bf1e2 e5
7.Nd4b3 Bf8e7
8.Bc1e3 Bc8e6
9.O-O O-O
10.Rf1e1 Nb8d7
11.a4 h6
12.a5 Ra8c8
13.Be2f3 Rc8c4
14.Nc3e2 Nf6xe4
15.Nb3d2 Ne4xd2
16.Qd1xd2 e4
17.Bf3h5 g6
18.Be3xh6 gxh5
19.Bh6xf8 Nd7xf8
20.c3 d5
21.Ne2d4 Be6c8
22.f3 Nf8e6
23.b3 Rc4c7
24.fxe4 dxe4
25.Re1xe4 Ne6xd4
26.cxd4 Bc8f5
27.Re4e1 Rc7c2
28.Qd2e3 Qd8d5
29.Qe3f3 Qd5xf3
30.gxf3 Be7d6
31.h4 Kg7
32.Ra1d1 Rc2b2
33.b4 Kf6
34.Re1e8 Bd6xb4
35.Re8d8 Bb4xa5
36.Rd8d6 Kg7
37.Rd6d5 Rb2b5
38.Rd5e5 Rb5xe5
39.dxe5 Ba5c3
40.f4 b5
{ resign }
0-1

[Event "Tourn. n10185"]
[Site "www.echecsemail.com"]
[Date "2019.10.04"]
[Round "1"]
[White "Galiany17"]
[Black "Jerome"]
[WhiteElo "2370"]
[BlackElo "2430"]
[Result "1/2-1/2"]
[Round "1"]
1.e4 c5
2.Ng1f3 e6
3.d4 cxd4
4.Nf3xd4 Ng8f6
5.Nb1c3 d6
6.g4 h6
7.h4 Nb8c6
8.Rh1g1 d5
9.exd5 Nf6xd5
10.Nc3xd5 exd5
11.Bc1e3 Qd8xh4
12.Qd1f3 Nc6xd4
13.Be3xd4 Qh4e7
14.Bf1e2 Qe7e4
15.O-O-O Qe4xf3
16.Be2xf3 Bc8e6
17.Rg1e1 Kd7
18.c4 Ra8c8
19.b3 h5
20.Bd4xa7 Kc7
21.Bf3xd5 Be6xd5
22.Rd1xd5 b6
23.Rd5f5 f6
24.Rf5b5 Bf8c5
25.gxh5 Kb7
26.b4 Bc5f8
27.Ba7xb6 Rc8xc4
28.Kd2 Rc4xb4
29.Re1b1 Rb4xb1
30.Rb5xb1 Kc6
31.a4 Rh8xh5
32.a5 Bf8c5
33.Bb6xc5 Rh5xc5
34.Rb1a1 Kb7
35.a6 Ka7
36.Ke3 g5
37.Ra1a4 f5
38.Ra4a2 Rc5b5
39.Kf3 Rb5b3
40.Kg2 g4
41.Ra2a5 f4
42.Ra5g5 g3
{ draw }
1/2-1/2

[Event "Tourn. n10190"]
[Site "www.echecsemail.com"]
[Date "2019.10.04"]
[Round "1"]
[White "Tartan"]
[Black "Foxy100"]
[WhiteElo "2470"]
[BlackElo "2480"]
[Result "1/2-1/2"]
[Round "1"]
1.d4 d5
2.c4 e6
3.cxd5 exd5
4.Nb1c3 Ng8f6
5.Bc1g5 Bf8e7
6.e3 c6
7.Bf1d3 O-O
8.Qd1c2 Nb8d7
9.Ng1f3 Rf8e8
10.O-O Nd7f8
11.h3 g6
12.Ra1b1 Bc8e6
13.b4 a6
14.a4 Nf8d7
15.Rf1c1 Nf6h5
16.Bg5xe7 Qd8xe7
17.b5 axb5
18.axb5 c5
19.dxc5 Qe7xc5
20.b6 Re8c8
21.Qc2d2 Qc5f8
22.Nc3b5 Nd7xb6
23.Rc1xc8 Ra8xc8
24.Nb5a7 Nb6c4
25.Bd3xc4 Rc8xc4
26.Rb1xb7 Qf8a3
27.Qd2b2 Qa3xb2
28.Rb7xb2 Rc4c1
29.Kh2 Nh5f6
30.Na7b5 Nf6e4
31.Nf3d4 Kg7
32.f3 { draw }
1/2-1/2

[Event "Tourn. n10173"]
[Site "www.echecsemail.com"]
[Date "2019.10.04"]
[Round "1"]
[White "Rons"]
[Black "Jaroslavpech"]
[WhiteElo "2640"]
[BlackElo "2680"]
[Result "0-1"]
[Round "1"]
1.e4 e6
2.d4 d5
3.Nb1c3 Bf8b4
4.e5 c5
5.a3 Bb4xc3
6.bxc3 Ng8e7
7.Qd1g4 O-O
8.Bf1d3 Nb8c6
9.Bc1g5 Qd8a5
10.Ng1e2 Ne7g6
11.O-O c4
12.Bd3xg6 fxg6
13.a4 Qa5c7
14.Bg5c1 Qc7f7
15.a5 Rf8e8
16.Ne2f4 Bc8d7
17.Bc1d2 b5
18.h4 Ra8b8
19.h5 gxh5
20.Nf4xh5 Kh8
21.Ra1a2 a6
22.Rf1b1 Re8f8
23.f3 b4
24.cxb4 Nc6xd4
25.Qg4xd4 Qf7xh5
26.Rb1c1 Rf8f7
27.f4 g5
28.fxg5 c3
29.Qd4xc3 Rb8f8
30.Qc3g3 Bd7b5
31.Ra2a3 Rf7f1
{ resign }
0-1

[Event "Tourn. n10199"]
[Site "www.echecsemail.com"]
[Date "2019.10.05"]
[Round "1"]
[White "Libiesse"]
[Black "Andychesston"]
[WhiteElo "1900"]
[BlackElo "1950"]
[Result "1-0"]
[Round "1"]
1.Ng1f3 d5
2.d4 Ng8f6
3.g3 Bc8f5
4.c4 e6
5.Bf1g2 Bf5e4
6.O-O Nb8c6
7.cxd5 Be4xd5
8.Bc1g5 h6
9.Bg5xf6 Qd8xf6
10.Nb1c3 Bd5c4
11.b3 Bf8b4
12.Nc3e4 Qf6e7
13.bxc4 Ra8d8
14.a3 Bb4a5
15.e3 O-O
16.Qd1b3 b6
17.Ne4c3 a6
18.Rf1d1 Nc6a7
19.h4 Na7c8
20.Nf3e5 Rd8d6
21.Nc3e4 Rd6d5
22.cxd5 exd5
23.Qb3xd5 Nc8d6
24.Ne4xd6 Qe7xd6
25.Qd5b7 b5
26.Rd1c1 Qd6e6
27.Rc1c6 Qe6f5
28.Qb7xa6 f6
29.g4 Qf5xf2
30.Kxf2 fxe5
31.Ke2 Ba5b6
32.Rc6xb6 { resign }
1-0

[Event "Match"]
[Site "www.echecsemail.com"]
[Date "2019.10.05"]
[Round "1"]
[White "Ericleo1980"]
[Black "Gambitmiau"]
[WhiteElo "1970"]
[BlackElo "1840"]
[Result "1/2-1/2"]
[Round "1"]
1.e4 Nb8c6
2.Ng1f3 d5
3.exd5 Qd8xd5
4.Nb1c3 Qd5h5
5.d4 Bc8g4
6.Bf1e2 O-O-O
7.Bc1e3 Qh5a5
8.a3 e6
9.b4 Qa5f5
10.h3 { draw }
1/2-1/2

[Event "Tourn. n10224"]
[Site "www.echecsemail.com"]
[Date "2019.10.05"]
[Round "1"]
[White "Goofy"]
[Black "Apdash"]
[WhiteElo "2330"]
[BlackElo "2230"]
[Result "1-0"]
[Round "1"]
1.e4 c5
2.d4 cxd4
3.c3 dxc3
4.Nb1xc3 d6
5.Bf1c4 a6
6.Ng1f3 Nb8c6
7.O-O Ng8f6
8.Qd1e2 Bc8g4
9.Rf1d1 Nc6e5
10.Nf3xe5 Bg4e6
11.Bc4xe6 fxe6
12.Bc1e3 Qd8a5
13.Ne5f3 h6
14.Ra1c1 b5
15.a3 g6
16.Be3d2 Qa5b6
17.h3 Bf8g7
18.e5 Nf6d5
19.Nc3xd5 exd5
20.exd6 Qb6xd6
21.Bd2b4 Qd6f6
22.Rc1c6 Qf6f7
23.Bb4xe7 Kd7
24.Rc6d6 Kc7
25.Qe2c2 Kb8
26.Rd6b6 { resign }
1-0

[Event "Tourn. n10215"]
[Site "www.echecsemail.com"]
[Date "2019.10.05"]
[Round "1"]
[White "Andychesston"]
[Black "Said13"]
[WhiteElo "1930"]
[BlackElo "1809"]
[Result "0-1"]
[Round "1"]
1.e4 c5
2.Ng1f3 d6
3.d4 cxd4
4.Nf3xd4 Ng8f6
5.Nb1c3 a6
6.Bf1e2 e5
7.Nd4f5 d5
8.Bc1g5 d4
9.Nc3d5 Bc8xf5
10.Nd5xf6 gxf6
11.exf5 fxg5
12.Be2h5 Qd8f6
13.g4 Bf8b4
14.c3 dxc3
15.Qd1a4 Nb8c6
16.O-O cxb2
17.Ra1b1 Bb4c3
18.Qa4b3 Bc3d4
19.Qb3xb7 O-O
20.Bh5xf7 Qf6xf7
21.Qb7xc6 Qf7xa2
22.Qc6h6 Qa2f7
23.Qh6xg5 Qf7g7
24.Qg5h5 Rf8f6
25.g5 Rf6xf5
26.h4 Ra8f8
27.Qh5e2 Kh8
28.Rb1xb2 Rf5xg5
29.hxg5 Qg7xg5
30.Kh1 Qg5h4
31.Kg2 Rf8g8
{ resign }
0-1

[Event "Tourn. n10210"]
[Site "www.echecsemail.com"]
[Date "2019.10.05"]
[Round "1"]
[White "Bigrezi"]
[Black "Fantomas"]
[WhiteElo "2260"]
[BlackElo "2120"]
[Result "0-1"]
[Round "1"]
1.e4 c5
2.Ng1f3 Nb8c6
3.d4 cxd4
4.Nf3xd4 d6
5.Bf1b5 Bc8d7
6.O-O Ng8f6
7.Nb1c3 g6
8.Bc1e3 Bf8g7
9.Nc3d5 Nf6xe4
10.f3 Ne4f6
11.Nd5xf6 Bg7xf6
12.c3 O-O
13.Nd4xc6 bxc6
14.Bb5d3 Qd8c7
15.Qd1d2 Bf6g7
16.Ra1e1 c5
17.Bd3c4 Bd7c6
18.Be3g5 e6
19.Bg5f4 Rf8d8
20.Re1d1 Bg7f8
21.b3 Qc7e7
22.Bf4h6 d5
23.Qd2c1 dxc4
24.bxc4 Bc6a4
25.Rd1e1 Rd8d3
26.Qc1a3 Ba4c6
27.Qa3a6 Bc6b7
28.Qa6a3 Bf8xh6
29.Qa3b3 Bh6g7
30.Re1c1 Ra8d8
31.Rc1c2 Bb7c6
32.Qb3b2 Bc6a4
33.Rc2f2 Rd3xc3
{ resign }
0-1

[Event "Match"]
[Site "www.echecsemail.com"]
[Date "2019.10.05"]
[Round "1"]
[White "Apdash"]
[Black "Jesmantiz"]
[WhiteElo "2240"]
[BlackElo "2200"]
[Result "0-1"]
[Round "1"]
1.e4 d6
2.d4 c6
3.c4 e6
4.Nb1c3 g6
5.Bf1d3 e5
6.Ng1e2 Bf8g7
7.d5 c5
8.O-O Ng8e7
9.f4 exf4
10.Bc1xf4 a6
11.Qd1d2 h6
12.Qd2e3 g5
13.Bf4g3 Ne7g6
14.Rf1f2 O-O
15.Ra1f1 Bc8g4
16.h3 Bg4h5
17.Bg3h2 Ng6e5
18.Bh2xe5 Bg7xe5
19.Ne2g3 Be5d4
20.Qe3d2 Bh5g6
21.Ng3f5 Bg6xf5
22.exf5 Nb8d7
23.Nc3e2 Bd4xf2
24.Rf1xf2 Qd8f6
25.Ne2g3 Qf6d4
26.Ng3e2 Qd4f6
27.Ne2g3 Rf8e8
28.Ng3h5 Qf6d4
29.Qd2c2 Re8e1
30.Kh2 Re1e3
31.Rf2d2 Nd7e5
32.Bd3f1 Qd4h4
33.Nh5f6 Kg7
34.Nf6e4 Re3xe4
35.f6 Kh8
36.g3 Ne5g4
37.Kg1 Qh4xg3
38.Rd2g2 Qg3e3
39.Kh1 Qe3xh3
40.Kg1 Ra8e8
41.Rg2xg4 Re4xg4
{ resign }
0-1

[Event "Match"]
[Site "www.echecsemail.com"]
[Date "2019.10.05"]
[Round "1"]
[White "Ericleo1980"]
[Black "Tonino1"]
[WhiteElo "1930"]
[BlackElo "2130"]
[Result "1-0"]
[Round "1"]
1.e4 d6
2.d4 Ng8f6
3.Nb1c3 c6
4.a4 Qd8a5
5.Bf1d3 g6
6.h3 d5
7.e5 Nf6e4
8.Ng1e2 Bf8g7
9.O-O f5
10.f3 Ne4xc3
11.Ne2xc3 e6
12.Bc1e3 Qa5b6
13.b3 Bg7xe5
14.a5 Qb6b4
15.Nc3a2 Qb4d6
16.dxe5 Qd6xe5
17.Qd1d2 O-O
18.Be3f4 Qe5d4
19.Bf4e3 Qd4f6
20.f4 e5
21.fxe5 Qf6xe5
22.Be3h6 Rf8d8
23.Ra1e1 Qe5c7
24.Bh6g5 Rd8f8
25.Re1e7 Qc7d6
26.Rf1e1 Bc8d7
27.Bg5h6 Rf8f6
28.Re7g7 Kh8
29.Re1e7  { time }
1-0

[Event "Match"]
[Site "www.echecsemail.com"]
[Date "2019.10.06"]
[Round "1"]
[White "Liencam2"]
[Black "Apdash"]
[WhiteElo "2180"]
[BlackElo "2180"]
[Result "1-0"]
[Round "1"]
1.e4 c5
2.Nb1c3 d6
3.Ng1f3 Nb8c6
4.d4 cxd4
5.Nf3xd4 Ng8f6
6.Bc1g5 e5
7.Bg5xf6 Qd8xf6
8.Nc3d5 Qf6d8
9.Nd4b5 Qd8a5
10.c3 Bc8e6
11.Nb5c7 Kd7
12.Nc7xa8 Be6xd5
13.Qd1xd5 Qa5xd5
14.exd5 Nc6e7
15.g3 f5
16.Bf1b5 Kc8
17.Na8b6 axb6
18.c4 Ne7g6
19.a4 Bf8e7
20.a5 bxa5
21.Ra1xa5 Kc7
22.f3 f4
23.Kf2 fxg3
24.hxg3 Be7f6
25.Rh1a1 Rh8e8
26.Bb5xe8 { resign }
1-0

[Event "Tourn. n10198"]
[Site "www.echecsemail.com"]
[Date "2019.10.06"]
[Round "1"]
[White "Jjmcbride"]
[Black "Cal"]
[WhiteElo "1630"]
[BlackElo "1730"]
[Result "0-1"]
[Round "1"]
1.e4 e5
2.Ng1f3 d6
3.d4 exd4
4.Nf3xd4 h6
5.Bf1d3 c5
6.Nd4f3 Ng8f6
7.Nb1d2 g5
8.O-O Nb8c6
9.Bd3b5 Bc8d7
10.Rf1e1 Bf8g7
11.e5 dxe5
12.Nf3xe5 Nc6xe5
13.Re1xe5 Kf8
14.Qd1e2 Bd7xb5
15.Qe2xb5 b6
16.c4 a6
17.Qb5a4 Nf6g4
18.Re5d5 Qd8e7
19.Nd2f3 Bg7d4
 { time }
0-1

[Event "Tourn. n10175"]
[Site "www.echecsemail.com"]
[Date "2019.10.06"]
[Round "1"]
[White "Pariolinius"]
[Black "Passaroa25"]
[WhiteElo "1870"]
[BlackElo "1760"]
[Result "1-0"]
[Round "1"]
1.b3 Nb8c6
2.Bc1b2 Ng8f6
3.d4 d5
4.e3 e6
5.Ng1f3 h6
6.Bf1b5 Bf8e7
7.Nf3e5 O-O
8.Ne5xc6 bxc6
9.Bb5xc6 Ra8b8
10.Nb1c3 Bc8d7
11.Bc6a4 Bd7xa4
12.Nc3xa4 Be7b4
13.c3 Bb4e7
14.O-O Nf6d7
15.Ra1b1 Nd7f6
16.f3 Qd8c8
17.Bb2a1 Be7d8
18.Na4c5 Nf6d7
19.Nc5d3 c6
20.Ba1b2 Bd8f6
21.Bb2c1 Bf6d8
22.Nd3f2 Nd7b6
23.Bc1a3 Rf8e8
24.Ba3d6 Rb8b7
25.Nf2d3 Nb6d7
26.f4 Nd7f6
27.Nd3c5 Rb7b6
28.Qd1c2 Nf6g4
29.Qc2e2 Ng4f6
30.Rf1f3 Bd8e7
31.Bd6e5 Nf6g4
32.Rf3g3 f5
33.h3 Ng4f6
34.Be5xf6 Be7xf6
35.Qe2h5 Re8e7
36.Qh5xh6 Qc8f8
37.h4 Bf6xh4
38.Qh6xh4 Re7f7
39.Nc5xe6 Qf8e7
40.Ne6g5 g6
41.Kf2 Rf7h7
42.Qh4xh7 Qe7xh7
43.Ng5xh7 Kxh7
44.Rb1h1 Kg7
45.Rg3h3 Rb6b8
46.Rh3h7 Kf6
47.Rh7xa7 Rb8c8
48.Rh1h7 Rc8f8
49.Ra7c7 Rf8e8
50.Rc7xc6 Re8e6
51.Rc6c7 Re6b6
52.Rh7f7 Ke6
53.Rc7e7 { resign }
1-0